[Event "XVIII Torneo Int. "]
[Site "Navalmoral de la Mata"]
[Date "2012.12.07"]
[Round "4"]
[White "Matamoros Franco, Carlos S"]
[Black "Narciso Dublan, Marc"]
[Result "1-0"]
[WhiteElo "2519"]
[BlackElo "2551"]
[PlyCount "41"]
[EventDate "2012.12.05"]
[EventRounds "9"]
[EventCountry "ESP"]

1. Nf3 Nf6 2. c4 e6 3. g3 d5 4. Bg2 g6 5. O-O Bg7 6. d4 O-O 7. Nc3 Na6 8. Bf4
dxc4 9. Be5 Nd7 10. Bxg7 Kxg7 11. Qc1 c6 12. Rd1 Qe7 13. Nd2 Nb6 14. a4 e5 15.
a5 Nd7 16. Nxc4 exd4 17. Rxd4 Nf6 18. Ne4 c5 19. Nxf6 cxd4 20. Ne5 Qd8 21. Qf4
{ilegible} 1-0

[Event "XVIII Torneo Int. "]
[Site "Navalmoral de la Mata"]
[Date "2012.12.07"]
[Round "4"]
[White "Perez Candelario, Manuel"]
[Black "Forcen Esteban, Daniel"]
[Result "1-0"]
[WhiteElo "2568"]
[BlackElo "2469"]
[PlyCount "73"]
[EventDate "2012.12.05"]
[EventRounds "9"]
[EventCountry "ESP"]

1. e4 c5 2. Nf3 d6 3. d4 Nf6 4. Nc3 cxd4 5. Nxd4 a6 6. Be3 e6 7. f3 b5 8. g4
Bb7 9. Qd2 Nfd7 10. O-O-O Nb6 11. Bd3 N8d7 12. Qf2 Rc8 13. Nce2 Nc5 14. Kb1
Nba4 15. Bc1 Qc7 16. Ng3 d5 17. exd5 Bxd5 18. Nh5 Nxd3 19. Rxd3 Bc4 20. Rdd1 f6
21. g5 Kf7 22. gxf6 g6 23. Ng3 Bc5 24. Qe1 Rhd8 25. Nb3 Rxd1 26. Qxd1 Ba3 27.
Ne4 Bd5 28. Re1 Bxe4 29. Rxe4 e5 30. Re3 Bf8 31. Rd3 Nb6 32. Nd2 Kxf6 33. b3
Kf7 34. Ne4 Be7 35. Nd6+ Bxd6 36. Rxd6 Qc5 37. Rxb6 1-0

[Event "XVIII Torneo Int. "]
[Site "Navalmoral de la Mata"]
[Date "2012.12.07"]
[Round "4"]
[White "Asis Gargatagli, Hipolito"]
[Black "Peralta, Fernando"]
[Result "1/2-1/2"]
[WhiteElo "2462"]
[BlackElo "2612"]
[PlyCount "55"]
[EventDate "2012.12.05"]
[EventRounds "9"]
[EventCountry "ESP"]

1. e4 c6 2. d4 d5 3. Nc3 dxe4 4. Nxe4 Bf5 5. Ng3 Bg6 6. Nh3 e6 7. Nf4 Bd6 8. h4
Bxf4 9. Bxf4 h6 10. c3 Nf6 11. h5 Bh7 12. Qb3 Qe7 13. Be2 O-O 14. O-O a5 15. c4
a4 16. Qc3 Nbd7 17. Bf3 Rfc8 18. Rac1 Qd8 19. Qb4 Qb6 20. Qxb6 Nxb6 21. Rfd1
Nbd7 22. Rc3 Re8 23. Re1 Red8 24. Bc7 Rdc8 25. Bd6 Rd8 26. Bc7 Rdc8 27. Bd6 Rd8
28. Bc7 1/2-1/2

[Event "XVIII Torneo Int. "]
[Site "Navalmoral de la Mata"]
[Date "2012.12.07"]
[Round "4"]
[White "Campora, Daniel H"]
[Black "Nabaty, Tamir"]
[Result "1/2-1/2"]
[WhiteElo "2493"]
[BlackElo "2569"]
[PlyCount "88"]
[EventDate "2012.12.05"]
[EventRounds "9"]
[EventCountry "ESP"]

1. e4 c6 2. d4 d5 3. Nc3 dxe4 4. Nxe4 Bf5 5. Ng3 Bg6 6. Nf3 e6 7. h4 h6 8. Bd3
Bxd3 9. Qxd3 Nf6 10. Bf4 Qa5+ 11. c3 Qa6 12. Qxa6 Nxa6 13. Be5 h5 14. Rd1 Nd5
15. Ne4 f6 16. Bh2 Rd8 17. c4 Nb6 18. c5 Nd5 19. O-O b6 20. Nd6+ Bxd6 21. Bxd6
Rxd6 22. cxd6 Kd7 23. Rfe1 Kxd6 24. g3 Nac7 25. Re2 Ne7 26. Kg2 Nf5 27. Ne1 Rd8
28. Nc2 Ke7 29. Ne3 g6 30. Nxf5+ gxf5 31. Rc2 Rd6 32. Kh3 Nd5 33. Rcd2 Kf7 34.
a3 a5 35. Rd3 Ne7 36. Kg2 a4 37. b3 Rd7 38. bxa4 Ra7 39. Rc1 Nd5 40. Rc4 Ra8
41. Kf3 Ra7 42. Ke2 Ra8 43. Kd2 Ra7 44. Kc2 Kg7 {(Ilegible)} 1/2-1/2

[Event "XVIII Torneo Int. "]
[Site "Navalmoral de la Mata"]
[Date "2012.12.07"]
[Round "4"]
[White "Anton Guijarro, David"]
[Black "Ibarra Jerez, Jose Carlos"]
[Result "1/2-1/2"]
[WhiteElo "2558"]
[BlackElo "2535"]
[PlyCount "66"]
[EventDate "2012.12.05"]
[EventRounds "9"]
[EventCountry "ESP"]

1. d4 Nf6 2. c4 e6 3. g3 d5 4. Nf3 dxc4 5. Bg2 Bb4+ 6. Bd2 a5 7. O-O Nc6 8. Bc3
O-O 9. Qc2 Ra6 10. Rd1 Qe7 11. Nbd2 Bxc3 12. Qxc3 Qb4 13. Nxc4 Qxc3 14. bxc3
Nd5 15. Rdb1 Nce7 16. Nfe5 Ra7 17. Na3 c6 18. e3 f6 19. Nf3 Bd7 20. e4 Nc7 21.
Nc4 b5 22. Ne3 Be8 23. a3 Rb7 24. Rb2 Rb8 25. Nd2 Na6 26. Bh3 Kf7 27. Nb3 c5
28. Nc2 cxd4 29. cxd4 b4 30. axb4 axb4 31. Ne3 Bb5 32. Raa2 Rfd8 33. Kg2 g6
1/2-1/2

[Event "XVIII Torneo Int. "]
[Site "Navalmoral de la Mata"]
[Date "2012.12.07"]
[Round "4"]
[White "Ladron De Guevara Pinto, Paolo"]
[Black "Fedorchuk, Sergey A"]
[Result "1-0"]
[WhiteElo "2338"]
[BlackElo "2661"]
[PlyCount "119"]
[EventDate "2012.12.05"]
[EventRounds "9"]
[EventCountry "ESP"]

1. e4 c5 2. Nf3 d6 3. d4 cxd4 4. Nxd4 Nf6 5. Nc3 a6 6. Be3 e6 7. f3 b5 8. Qd2
Bb7 9. a4 b4 10. Na2 a5 11. Bb5+ Nfd7 12. Nc1 Be7 13. O-O O-O 14. Ncb3 Bf6 15.
c4 bxc3 16. bxc3 Qc7 17. Rac1 Be7 18. c4 Ne5 19. Rfd1 Rc8 20. Qf2 Nbd7 21. h3
Nf6 22. Ne2 Ned7 23. Bf4 Nh5 24. Be3 Nhf6 25. g4 h6 26. Bf4 e5 27. Be3 Nh7 28.
c5 Ng5 29. Kh2 Nxc5 30. Nxc5 dxc5 31. Rd7 Qb6 32. Rxe7 Bc6 33. Rxc5 Qd8 34.
Bxc6 Qxe7 35. Bxa8 Rxa8 36. Bxg5 hxg5 37. Qe3 Qd7 38. Qb3 Qd2 39. Qc2 Rd8 40.
Kg2 Qe3 41. Rc8 Rxc8 42. Qxc8+ Kh7 43. Qc2 g6 44. Nc3 Qc5 45. Qb3 Kh6 46. Nd1
Qc7 47. Nf2 Qc1 48. Qd1 Qc3 49. Qd3 Qb4 50. Qc2 Qd4 51. Qc7 Qxa4 52. Qxf7 Qc6
53. Qg8 Qf6 54. Qa8 Kh7 55. Qxa5 Qf4 56. Qd8 Kg7 57. Qd7+ Kh6 58. Qd1 Qf7 59.
Qd8 Kh7 60. Qxg5 1-0

[Event "XVIII Torneo Int. "]
[Site "Navalmoral de la Mata"]
[Date "2012.12.07"]
[Round "4"]
[White "Epishin, Vladimir"]
[Black "Moreno Tejera, Emilio"]
[Result "1/2-1/2"]
[WhiteElo "2575"]
[BlackElo "2386"]
[PlyCount "59"]
[EventDate "2012.12.05"]
[EventRounds "9"]
[EventCountry "ESP"]

1. d4 Nf6 2. Nf3 g6 3. c3 Bg7 4. Bg5 O-O 5. Nbd2 d6 6. e4 c5 7. dxc5 dxc5 8.
Bc4 Nc6 9. O-O Qc7 10. Re1 h6 11. Bh4 Nh5 12. Qc2 Na5 13. Bf1 Be6 14. Nb3 Nc4
15. Rad1 Rad8 16. Nc1 Ne5 17. Nxe5 Bxe5 18. Bg3 Nxg3 19. hxg3 c4 20. Ne2 Qc5
21. Rxd8 Rxd8 22. Rd1 Rxd1 23. Qxd1 Bg4 24. Qd8+ Kg7 25. Nd4 Bd6 26. Qe8 Be5
27. Qd8 Bd6 28. Qe8 Be5 29. Qd8 Bd6 30. Qe8 1/2-1/2

[Event "XVIII Torneo Int. "]
[Site "Navalmoral de la Mata"]
[Date "2012.12.07"]
[Round "4"]
[White "Santos, Antonio P"]
[Black "Lorenzo De La Riva, Lazaro"]
[Result "0-1"]
[WhiteElo "2241"]
[BlackElo "2465"]
[PlyCount "91"]
[EventDate "2012.12.05"]
[EventRounds "9"]
[EventCountry "ESP"]

1. d4 d5 2. c4 e6 3. Nc3 Be7 4. Nf3 Nf6 5. Bg5 h6 6. Bh4 O-O 7. e3 b6 8. Be2
Bb7 9. Bxf6 Bxf6 10. cxd5 exd5 11. b4 c6 12. O-O Nd7 13. Qb3 b5 14. a4 a6 15.
a5 Re8 16. Rfd1 Nf8 17. Rac1 Bc8 18. Na2 Bd7 19. Rc2 Nh7 20. Nc1 Ng5 21. Nxg5
hxg5 22. Nd3 Ra7 23. h3 Rc7 24. Nc5 Bc8 25. Bg4 Bxg4 26. hxg4 Qc8 27. Qd3 g6
28. Qe2 Be7 29. Nd3 Bd6 30. Rdc1 Re4 31. Qf3 Kg7 32. g3 f6 33. Nc5 Re8 34. Kg2
Ree7 35. Kf1 Bxc5 36. Rxc5 Qe6 37. Ke2 Kf7 38. Rh1 Kg7 39. Kd2 Rc8 40. Rhc1
Rec7 41. Ke1 f5 42. gxf5 gxf5 43. Qh1 g4 44. Ke2 Rf8 45. Kd3 Rf6 46. R1c2 0-1

[Event "XVIII Torneo Int. "]
[Site "Navalmoral de la Mata"]
[Date "2012.12.07"]
[Round "5"]
[White "Perez Candelario, Manuel"]
[Black "Matamoros Franco, Carlos S"]
[Result "1/2-1/2"]
[WhiteElo "2568"]
[BlackElo "2519"]
[PlyCount "34"]
[EventDate "2012.12.05"]
[EventRounds "9"]
[EventCountry "ESP"]

1. e4 e6 2. d4 d5 3. Nd2 c5 4. exd5 exd5 5. Ngf3 Nf6 6. Bb5+ Nbd7 7. Bxd7+ Nxd7
8. O-O Be7 9. dxc5 Nxc5 10. Re1 O-O 11. Nf1 Re8 12. Be3 Ne6 13. Nd4 Bf8 14. c3
Qc7 15. Qf3 Bc5 16. Nb3 Bb6 17. Rad1 a5 {ilegible} 1/2-1/2

[Event "XVIII Torneo Int. "]
[Site "Navalmoral de la Mata"]
[Date "2012.12.07"]
[Round "5"]
[White "Peralta, Fernando"]
[Black "Nikolov, Momchil"]
[Result "1/2-1/2"]
[WhiteElo "2612"]
[BlackElo "2542"]
[PlyCount "48"]
[EventDate "2012.12.05"]
[EventRounds "9"]
[EventCountry "ESP"]

1. d4 Nf6 2. c4 e6 3. Nc3 Bb4 4. e3 O-O 5. Bd3 d5 6. Nf3 c5 7. O-O Nc6 8. a3
Bxc3 9. bxc3 dxc4 10. Bxc4 Qc7 11. Bd3 e5 12. Qc2 Re8 13. dxe5 Nxe5 14. Nxe5
Qxe5 15. f3 Nd7 16. e4 c4 17. Qe2 Qc5+ 18. Kh1 b5 19. Bf4 Qh5 20. Qd2 f5 21.
Qc1 Nf6 22. Qe3 Re7 23. a4 a6 24. Qd4 fxe4 {ilegible} 1/2-1/2

[Event "XVIII Torneo Int. "]
[Site "Navalmoral de la Mata"]
[Date "2012.12.07"]
[Round "5"]
[White "Nabaty, Tamir"]
[Black "Ladron De Guevara Pinto, Paolo"]
[Result "0-1"]
[WhiteElo "2569"]
[BlackElo "2338"]
[PlyCount "58"]
[EventDate "2012.12.05"]
[EventRounds "9"]
[EventCountry "ESP"]

1. Nf3 d5 2. c4 c6 3. d4 Nf6 4. Nc3 dxc4 5. a4 Bf5 6. Ne5 Nbd7 7. Nxc4 Qc7 8.
Bg5 e5 9. Bxf6 gxf6 10. e3 Bb4 11. Bd3 Be6 12. O-O h5 13. Rc1 Rd8 14. Ne4 h4
15. f4 f5 16. fxe5 fxe4 17. Bxe4 Nb6 18. Nxb6 Qxb6 19. Bf5 Be7 20. Qg4 Kd7 21.
Rfd1 Rdg8 22. Qf3 Ke8 23. a5 Qxa5 24. e4 Qb6 25. Kh1 h3 26. gxh3 Qb4 27. d5
Bxf5 28. exf5 Rxh3 29. Qe2 Rxh2+ 0-1

[Event "XVIII Torneo Int. "]
[Site "Navalmoral de la Mata"]
[Date "2012.12.07"]
[Round "5"]
[White "Lorenzo De La Riva, Lazaro"]
[Black "Anton Guijarro, David"]
[Result "1-0"]
[WhiteElo "2465"]
[BlackElo "2558"]
[PlyCount "51"]
[EventDate "2012.12.05"]
[EventRounds "9"]
[EventCountry "ESP"]

1. e4 c5 2. Nf3 e6 3. d3 Nc6 4. c3 d5 5. Qe2 b6 6. g3 Ba6 7. e5 h6 8. h4 g6 9.
Bg2 Bg7 10. O-O Nge7 11. Re1 Qc7 12. a4 Bb7 13. Na3 a6 14. Nc2 Na5 15. Bf4 c4
16. Ncd4 cxd3 17. Qxd3 Nac6 18. Qc2 Nxd4 19. Nxd4 Nc6 20. Rac1 Qd7 21. Bd2 O-O
22. b4 a5 23. b5 Ne7 24. Ne2 Nf5 25. Qd3 Rfc8 26. Bh3 1-0

[Event "XVIII Torneo Int. "]
[Site "Navalmoral de la Mata"]
[Date "2012.12.07"]
[Round "5"]
[White "Narciso Dublan, Marc"]
[Black "Campora, Daniel H"]
[Result "1-0"]
[WhiteElo "2551"]
[BlackElo "2493"]
[PlyCount "59"]
[EventDate "2012.12.05"]
[EventRounds "9"]
[EventCountry "ESP"]

1. d4 Nf6 2. c4 e6 3. Nc3 d5 4. cxd5 exd5 5. Bg5 c6 6. e3 Nbd7 7. Bd3 Be7 8.
Qc2 Nf8 9. Nge2 Ne6 10. Bh4 g6 11. O-O O-O 12. f3 Nh5 13. Bxe7 Qxe7 14. Qd2 f5
15. e4 fxe4 16. fxe4 dxe4 17. Bc4 Bd7 18. Nxe4 Rxf1+ 19. Rxf1 Rf8 20. Re1 b5
21. Bb3 Kh8 22. d5 cxd5 23. Qxd5 Qg7 24. Qd6 Re8 25. Rd1 Nf8 26. N2c3 Be6 27.
Bxe6 Rxe6 28. Qb8 a6 29. Ng5 Rc6 30. Rd6 1-0

[Event "XVIII Torneo Int. "]
[Site "Navalmoral de la Mata"]
[Date "2012.12.07"]
[Round "5"]
[White "Ibarra Jerez, Jose Carlos"]
[Black "Asis Gargatagli, Hipolito"]
[Result "1-0"]
[WhiteElo "2535"]
[BlackElo "2462"]
[PlyCount "61"]
[EventDate "2012.12.05"]
[EventRounds "9"]
[EventCountry "ESP"]

1. e4 Nf6 2. e5 Nd5 3. d4 d6 4. Bc4 Nb6 5. Bb3 d5 6. Qf3 e6 7. Qg3 c5 8. c3 Na6
9. Nf3 Bd7 10. Bc2 h6 11. a4 Rc8 12. O-O g6 13. Nbd2 Be7 14. dxc5 Nxc5 15. b3
h5 16. Nd4 h4 17. Qe3 Kf8 18. Bb2 a5 19. Rfe1 Na8 20. Rad1 Nc7 21. Qe2 Rb8 22.
c4 Rh7 23. Nb5 Bc6 24. Nf3 Kg8 25. h3 Kg7 26. Nh2 Nd7 27. Bc3 b6 28. Ng4 Nxb5
29. axb5 Bb7 30. cxd5 Bxd5 31. Rxd5 1-0

[Event "XVIII Torneo Int. "]
[Site "Navalmoral de la Mata"]
[Date "2012.12.07"]
[Round "5"]
[White "Rodriguez Garcia, Manuel Fco"]
[Black "Epishin, Vladimir"]
[Result "0-1"]
[WhiteElo "2144"]
[BlackElo "2575"]
[PlyCount "91"]
[EventDate "2012.12.05"]
[EventRounds "9"]
[EventCountry "ESP"]

1. d4 b6 2. e4 Bb7 3. Nc3 e6 4. Be3 Bb4 5. f3 d5 6. Bb5+ Nd7 7. exd5 exd5 8.
Nge2 Ne7 9. a3 Bd6 10. Bf4 Bxf4 11. Nxf4 O-O 12. Qd2 Nf6 13. Nce2 c5 14. c3 Qc7
15. Bd3 a5 16. O-O a4 17. h4 Nc6 18. Rad1 Na5 19. Qe1 Rfe8 20. Qf2 cxd4 21.
Qxd4 Nb3 22. Qf2 Re5 23. Nd4 Nc5 24. Bb5 g6 25. Qg3 Ba6 26. Rde1 Rxe1 27. Rxe1
Bxb5 28. Nxb5 Qd7 29. Qg5 Kg7 30. Nd4 h6 31. Qg3 Re8 32. Qf2 Kf8 33. Qd2 h5 34.
Kf1 Rxe1+ 35. Qxe1 Qd6 36. Qe3 Ncd7 37. Nd3 Qh2 38. Qf4 Qxf4 39. Nxf4 Ne5 40.
Ke2 Ke7 41. b3 axb3 42. Nxb3 Nc4 43. a4 Kd6 44. Nd3 Ne5 45. Nd2 Nxd3 46. Kxd3
0-1

[Event "XVIII Torneo Int. "]
[Site "Navalmoral de la Mata"]
[Date "2012.12.07"]
[Round "5"]
[White "Enchev, Ivajlo"]
[Black "Almagro Mazariegos, Sebastian"]
[Result "1-0"]
[WhiteElo "2411"]
[BlackElo "2306"]
[PlyCount "199"]
[EventDate "2012.12.05"]
[EventRounds "9"]
[EventCountry "ESP"]

1. d4 Nf6 2. c4 g6 3. Nc3 Bg7 4. e4 d6 5. Nf3 O-O 6. Be2 c5 7. d5 e5 8. dxe6
Bxe6 9. O-O Nc6 10. Bf4 Qb6 11. Qd2 Nd4 12. Rfd1 Rfe8 13. Rac1 Bg4 14. Nxd4
cxd4 15. Na4 Qc6 16. Bxg4 Qxa4 17. Bf3 Nxe4 18. Qc2 Qc6 19. Bxd6 Qxd6 20. Bxe4
Re7 21. g3 Qc5 22. Bd5 Rae8 23. Rd3 Rd8 24. Qd2 a5 25. Rf3 Rde8 26. Qg5 Qd6 27.
h4 h6 28. Qd2 b6 29. Kg2 Rc8 30. Re1 Rcc7 31. h5 g5 32. Rxe7 Rxe7 33. Qd3 Qd7
34. b3 Qd6 35. Rf5 Bf6 36. Rf3 Kg7 37. Qf5 Re5 38. Qd3 Re7 39. a3 Qe5 40. b4
axb4 41. axb4 Qe2 42. Qf5 Qe5 43. Qc8 Qd6 44. Rf5 d3 45. c5 bxc5 46. bxc5 Qd7
47. Qxd7 Rxd7 48. Kf3 d2 49. Ke2 Bc3 50. Kd1 Re7 51. Kc2 g4 52. Bb3 Ba5 53. c6
Ra7 54. Rf4 Kf8 55. Rxg4 Ke7 56. Rd4 Rc7 57. Ba4 Ke6 58. f4 f6 59. g4 Ra7 60.
Bb3+ Ke7 61. f5 Rc7 62. Ba4 Ra7 63. Rd5 Bb6 64. Bb3 Be3 65. Rd3 Bg5 66. Be6 Rc7
67. Bd5 Ra7 68. Bf3 Rc7 69. Kb3 Rc8 70. Rd7+ Ke8 71. Kc4 Rd8 72. Rd5 Rxd5 73.
Kxd5 Ke7 74. Bd1 Bf4 75. Ba4 Bg3 76. Bc2 Bf4 77. Bd1 Bg3 78. Ba4 Bf4 79. Ke4
Bc7 80. Kd5 Bf4 81. Bd1 Bg3 82. Kc5 Kd8 83. g5 fxg5 84. f6 Kc7 85. Kd5 Bd6 86.
Bf3 Ba3 87. Ke6 g4 88. Bxg4 Kxc6 89. Kf7 Kd6 90. Kg7 Ke5 91. f7 Kf4 92. Bd1 Kg5
93. f8=Q Bxf8+ 94. Kxf8 Kf6 95. Be2 Kg5 96. Kg7 Kf5 97. Kxh6 Kf6 98. Kh7 Kf7
99. h6 Kf8 100. Bh5 1-0

[Event "XVIII Torneo Int. "]
[Site "Navalmoral de la Mata"]
[Date "2012.12.08"]
[Round "6"]
[White "Granda Zuniga, Julio E"]
[Black "Narciso Dublan, Marc"]
[Result "1/2-1/2"]
[WhiteElo "2641"]
[BlackElo "2551"]
[PlyCount "141"]
[EventDate "2012.12.05"]
[EventRounds "9"]
[EventCountry "ESP"]

1. Nf3 Nf6 2. g3 d5 3. Bg2 g6 4. d4 Bg7 5. Nbd2 O-O 6. O-O Na6 7. b3 c5 8. Bb2
b6 9. c4 Bb7 10. e3 e6 11. a3 Rc8 12. Rc1 Qe7 13. Rc2 dxc4 14. bxc4 Rfd8 15.
Qe2 Ne4 16. Nb3 Nd6 17. Rd1 cxd4 18. exd4 Nf5 19. g4 Nh6 20. h3 Re8 21. Ne1 f5
22. Rd3 Nb8 23. Re3 f4 24. Bxb7 fxe3 25. Bxc8 exf2+ 26. Kxf2 Rxc8 27. Nf3 Nc6
28. Qe4 Nf7 29. Kg2 Nd6 30. Qd3 Nd8 31. Bc1 Qb7 32. c5 N6f7 33. Qc4 b5 34. Qd3
a6 35. Be3 Qd5 36. Nbd2 Ne5 37. Qe2 Nec6 38. Qd3 Ne5 39. Qe2 Nxf3 40. Qxf3 Nc6
41. Qxd5 exd5 42. Nf3 a5 43. Rb2 b4 44. axb4 axb4 45. Ra2 b3 46. Ra6 b2 47. Rb6
Rb8 48. Nd2 Rxb6 49. cxb6 Bxd4 50. Bxd4 Nxd4 51. Kf2 Kf7 52. Ke3 Nc6 53. Kd3
Kf6 54. Kc2 Kg5 55. b7 Kh4 56. Nf3+ Kxh3 57. g5 Nb8 58. Ne5 Kg3 59. Kxb2 Kf4
60. Nf7 Kf5 61. Kc3 Ke6 62. Nh6 Nc6 63. Kd3 Kd6 64. Ng4 Kc7 65. Nf6 Ne7 66. Kd4
Kxb7 67. Kc5 Kc7 68. Nxh7 Kd7 69. Nf8+ Ke8 70. Nxg6 Nxg6 71. Kxd5 1/2-1/2

[Event "XVIII Torneo Int. "]
[Site "Navalmoral de la Mata"]
[Date "2012.12.08"]
[Round "6"]
[White "Ladron De Guevara Pinto, Paolo"]
[Black "Perez Candelario, Manuel"]
[Result "1/2-1/2"]
[WhiteElo "2338"]
[BlackElo "2568"]
[PlyCount "148"]
[EventDate "2012.12.05"]
[EventRounds "9"]
[EventCountry "ESP"]

1. e4 e5 2. Nf3 Nc6 3. Bb5 a6 4. Ba4 Nf6 5. O-O Be7 6. Re1 b5 7. Bb3 d6 8. c3
O-O 9. d4 Bg4 10. d5 Na5 11. Bc2 c6 12. dxc6 Qc7 13. h3 Be6 14. a4 Qxc6 15.
Nbd2 h6 16. Nf1 Rfc8 17. axb5 axb5 18. Ng3 Nc4 19. Rxa8 Rxa8 20. Nh4 Bf8 21.
Nhf5 Kh8 22. Ne3 Ra1 23. Nxc4 bxc4 24. Qe2 g6 25. Nf1 Nh5 26. g4 Nf4 27. Bxf4
Rxe1 28. Bxe5+ dxe5 29. Qxe1 Qb6 30. Qc1 Kg7 31. Ne3 Bc5 32. Bd1 Bxe3 33. Qxe3
Qxb2 34. Be2 Qa3 35. Bf1 Qe7 36. Be2 Qh4 37. Kg2 Qe7 38. Kg1 g5 39. Kg2 Qc7 40.
Qd2 Qb6 41. Bf1 f6 42. f3 Kg6 43. Be2 Bf7 44. Bf1 h5 45. Be2 h4 46. Bf1 Be6 47.
Be2 Kf7 48. Bf1 Ke7 49. Be2 Qc5 50. Kf1 Bd7 51. Bd1 Bc6 52. Be2 Ba4 53. Kg2 Bd7
54. Bd1 Qa7 55. Kf1 Qa1 56. Kg2 Qa3 57. Be2 Qc5 58. Bd1 Qc6 59. Be2 Kd8 60. Qa2
Be6 61. Qa5+ Ke7 62. Qa7+ Kf8 63. Qb8+ Ke7 64. Qa7+ Ke8 65. Qb8+ Kf7 66. Qd8
Qb7 67. Qd2 Qb1 68. Bf1 Qa1 69. Be2 Kg6 70. Bf1 Bf7 71. Be2 Qb1 72. Bf1 Qa1 73.
Be2 Qb1 74. Bf1 Qa1 1/2-1/2

[Event "XVIII Torneo Int. "]
[Site "Navalmoral de la Mata"]
[Date "2012.12.08"]
[Round "6"]
[White "Nikolov, Momchil"]
[Black "Lorenzo De La Riva, Lazaro"]
[Result "1-0"]
[WhiteElo "2542"]
[BlackElo "2465"]
[PlyCount "195"]
[EventDate "2012.12.05"]
[EventRounds "9"]
[EventCountry "ESP"]

1. d4 d6 2. e4 g6 3. c4 Bg7 4. Nc3 e5 5. Nge2 Nf6 6. f3 O-O 7. Be3 c6 8. Qd2
Nbd7 9. d5 cxd5 10. cxd5 a6 11. g4 h5 12. g5 Nh7 13. Rg1 b5 14. Nc1 Nb6 15. b3
b4 16. Nd1 a5 17. Nb2 Bd7 18. Ncd3 f6 19. gxf6 Rxf6 20. Be2 Be8 21. Nf2 Rb8 22.
Rc1 Rf8 23. Kd1 Kh8 24. Rc2 a4 25. Nbd3 axb3 26. axb3 Nc8 27. Nxb4 Ne7 28. Qc3
Rc8 29. Qd3 Ra8 30. Ra2 Rb8 31. Nc2 Nc8 32. Kd2 Bf6 33. Kc1 Bb5 34. Qd2 Bxe2
35. Qxe2 Rxb3 36. Rxg6 Ne7 37. Rg1 Qb8 38. Kd2 Rc8 39. Nd1 Qc7 40. Qa6 Rcb8 41.
Ra3 R3b7 42. Qd3 Qd7 43. Ra6 Rc7 44. Ra3 Qh3 45. Qe2 Qd7 46. Rg2 Ng8 47. Rc3
Rcb7 48. Ra3 Rc7 49. Rg3 Bh4 50. Rg1 Rf8 51. Rc3 Rb7 52. Qg2 Bd8 53. Rc6 Ba5+
54. Ke2 Ngf6 55. Bh6 Rg8 56. Qf2 Rbb8 57. Nde3 Bb6 58. Rg3 Bxe3 59. Qxe3 h4 60.
Rxg8+ Rxg8 61. Ne1 Ne8 62. Qf2 Qh3 63. Rb6 Nhf6 64. Rb7 Rg6 65. Bd2 Kg8 66. Kd1
Qc8 67. Qb6 Qh3 68. Qf2 Qc8 69. Ra7 Qb8 70. Re7 Qd8 71. Qa7 Qc8 72. Rb7 Qh3 73.
Qf2 Qc8 74. Rb6 Qh3 75. Rb8 Rg7 76. Bh6 Rg6 77. Be3 Rg7 78. Qc2 Qf1 79. Qe2 Qh3
80. Qb5 Qxh2 81. Rxe8+ Nxe8 82. Qxe8+ Kh7 83. Qh5+ Kg8 84. Qh6 Qg3 85. Qe6+ Rf7
86. Bh6 h3 87. Qe8+ Kh7 88. Qxf7+ Kxh6 89. Qf6+ Kh7 90. Qe7+ Kh8 91. Qxd6 h2
92. Qh6+ Kg8 93. d6 Qg1 94. d7 Qd4+ 95. Ke2 Qc4+ 96. Nd3 Qa2+ 97. Qd2 Qa8 98.
Qg5+ 1-0

[Event "XVIII Torneo Int. "]
[Site "Navalmoral de la Mata"]
[Date "2012.12.08"]
[Round "6"]
[White "Encinas Encinas, Alvaro"]
[Black "Peralta, Fernando"]
[Result "0-1"]
[WhiteElo "2071"]
[BlackElo "2612"]
[PlyCount "59"]
[EventDate "2012.12.05"]
[EventRounds "9"]
[EventCountry "ESP"]

1. e4 d6 2. Nc3 g6 3. Bc4 Bg7 4. f4 c5 5. Nf3 Nf6 6. d3 Nc6 7. O-O O-O 8. a3
Nd4 9. Kh1 Bg4 10. Be3 e6 11. Qd2 d5 12. Ba2 dxe4 13. dxe4 Bxf3 14. gxf3 Nh5
15. Nd1 Qh4 16. Qf2 Qh3 17. Kg1 Bf6 18. Rc1 Bh4 19. Qg2 Qxg2+ 20. Kxg2 Ne2 21.
Kh3 Be7 22. Nc3 Nexf4+ 23. Bxf4 Nxf4+ 24. Kg3 Bd6 25. Kf2 Be5 26. Ke3 Rfd8 27.
Rcd1 g5 28. Bc4 Rd4 29. Ba2 Rad8 30. a4 0-1

[Event "XVIII Torneo Int. "]
[Site "Navalmoral de la Mata"]
[Date "2012.12.08"]
[Round "6"]
[White "Epishin, Vladimir"]
[Black "Enchev, Ivajlo"]
[Result "1/2-1/2"]
[WhiteElo "2575"]
[BlackElo "2411"]
[PlyCount "50"]
[EventDate "2012.12.05"]
[EventRounds "9"]
[EventCountry "ESP"]

1. c4 c5 2. Nf3 Nc6 3. Nc3 g6 4. g3 Bg7 5. Bg2 Nh6 6. d3 Nf5 7. Bd2 b6 8. O-O
Bb7 9. e4 Nfd4 10. Nxd4 Nxd4 11. Rb1 O-O 12. b4 d6 13. a4 e6 14. Ne2 Qc7 15.
Nxd4 Bxd4 16. Bh6 Rfe8 17. Qd2 a5 18. b5 d5 19. exd5 exd5 20. Rbe1 dxc4 21.
dxc4 Bxg2 22. Kxg2 Qb7+ 23. f3 Qd7 24. g4 Re6 25. Bf4 Rae8 1/2-1/2

[Event "XVIII Torneo Int. "]
[Site "Navalmoral de la Mata"]
[Date "2012.12.08"]
[Round "6"]
[White "Fedorchuk, Sergey A"]
[Black "Pogorelov, Ruslan"]
[Result "1-0"]
[WhiteElo "2661"]
[BlackElo "2408"]
[PlyCount "33"]
[EventDate "2012.12.05"]
[EventRounds "9"]
[EventCountry "ESP"]

1. e4 c5 2. Nf3 e6 3. d4 cxd4 4. Nxd4 Nc6 5. Nc3 Qc7 6. Be2 a6 7. O-O Nf6 8.
Be3 Bb4 9. Na4 O-O 10. c4 Be7 11. Nc3 b6 12. Nb3 d6 13. f4 Nd7 14. Rc1 Nc5 15.
Nd2 Bf6 16. b3 Nd4 17. b4 {(ilegible)} 1-0

[Event "XVIII Torneo Int. "]
[Site "Navalmoral de la Mata"]
[Date "2012.12.08"]
[Round "6"]
[White "Komljenovic, Davorin"]
[Black "Nabaty, Tamir"]
[Result "1-0"]
[WhiteElo "2409"]
[BlackElo "2569"]
[PlyCount "34"]
[EventDate "2012.12.05"]
[EventRounds "9"]
[EventCountry "ESP"]

1. d4 e6 2. c4 b6 3. Nc3 Bb7 4. Nf3 Bb4 5. Qc2 f5 6. a3 Bxc3+ 7. Qxc3 Nf6 8. g3
O-O 9. Bg2 d6 10. O-O Qe7 11. b4 Nbd7 12. Bd2 c5 13. Qb3 Rac8 14. bxc5 dxc5 15.
e3 Ne4 16. a4 g5 17. Rfd1 g4 1-0

[Event "XVIII Torneo Int. "]
[Site "Navalmoral de la Mata"]
[Date "2012.12.08"]
[Round "6"]
[White "Anton Guijarro, David"]
[Black "Moreno Tejera, Emilio"]
[Result "1/2-1/2"]
[WhiteElo "2558"]
[BlackElo "2386"]
[PlyCount "68"]
[EventDate "2012.12.05"]
[EventRounds "9"]
[EventCountry "ESP"]

1. e4 e5 2. Nf3 Nc6 3. Bb5 a6 4. Ba4 Nf6 5. O-O Be7 6. Re1 b5 7. Bb3 d6 8. c3
O-O 9. h3 Na5 10. Bc2 c5 11. d4 Nd7 12. d5 Nb6 13. Nbd2 f5 14. exf5 Bxf5 15.
Ne4 Qd7 16. Bg5 h6 17. Nxc5 dxc5 18. Nxe5 Bxg5 19. Nxd7 Bxd7 20. Qh5 Be8 21.
Rxe8 Rfxe8 22. Qg6 Nxd5 23. Be4 Ne7 24. Qe6+ Kf8 25. Bxa8 Rxa8 26. f4 Bf6 27.
g4 Nac6 28. h4 Bxh4 29. Kg2 Rd8 30. Rh1 Rd2+ 31. Kf3 Rf2+ 32. Ke3 Bg3 33. Rg1
Bh4 34. Rh1 Bg3 1/2-1/2

[Event "XVIII Torneo Int. "]
[Site "Navalmoral de la Mata"]
[Date "2012.12.08"]
[Round "6"]
[White "Campora, Daniel H"]
[Black "Cabezas Ayala, Ivan"]
[Result "1-0"]
[WhiteElo "2493"]
[BlackElo "2315"]
[PlyCount "104"]
[EventDate "2012.12.05"]
[EventRounds "9"]
[EventCountry "ESP"]

1. e4 e5 2. Nf3 Nc6 3. Bb5 Nf6 4. d3 Bc5 5. O-O Nd4 6. Nxd4 Bxd4 7. Nd2 c6 8.
Ba4 d6 9. c3 Bb6 10. h3 O-O 11. Nf3 h6 12. Bc2 Re8 13. Re1 Nh7 14. d4 Qf6 15.
Be3 Nf8 16. a4 Ng6 17. a5 Bc7 18. d5 c5 19. b4 cxb4 20. cxb4 Nf4 21. Kh2 g5 22.
Ng1 Kh8 23. g3 Rg8 24. Ra2 g4 25. gxf4 Qh4 26. Bd3 gxh3 27. Bf1 Rg2+ 28. Bxg2
hxg2+ 29. Kxg2 Bg4 30. f3 Bd7 31. Ree2 Rg8+ 32. Kf1 Bb5 33. fxe5 dxe5 34. d6
Bd8 35. Qd5 a6 36. Qxe5+ Bf6 37. Qxb5 axb5 38. Rh2 Rxg1+ 39. Bxg1 Qf4 40. Kg2
Qxd6 41. Bc5 Qf4 42. Re2 Be5 43. Rh3 Bf6 44. Be3 Qd6 45. Bxh6 Kg8 46. Rg3+ Kh7
47. Be3 Qd1 48. Rf2 Be5 49. Rg4 Bd4 50. Bxd4 Qxd4 51. Rg3 Qxb4 52. Kh2 Qxa5 1-0